| 000 | 00551nam a2200229 a 4500 | ||
|---|---|---|---|
| 001 | 0001-1321 | ||
| 003 | ELIB.Books | ||
| 008 | 150806 2010 eng | ||
| 035 | _a(ELIB.Books)0001-1476 | ||
| 092 |
_a253 _bMat |
||
| 100 | _aMatthews, Tom | ||
| 245 | _aAim For The Heart | ||
| 260 |
_aAurora _bSimple Truth _c2005 |
||
| 300 |
_a125 _c17.5 Cm |
||
| 500 | _aDr. Min Oo | ||
| 650 | _aLeadership | ||
| 856 |
_nKBTS: Library _uKBTS: Elib |
||
| 942 |
_2ddc _cBK |
||
| 990 | _a1 | ||
| 998 |
_cbat _e2015-08-06 |
||
| 999 |
_c11321 _d11321 |
||